| 000 | 00557nam a2200205 a 4500 | ||
|---|---|---|---|
| 999 |
_c2037 _d2037 |
||
| 007 | ta | ||
| 008 | 200127r2014 ii ||||g |||| 00| 0 eng d | ||
| 020 |
_a9788192588933 _cRs. 600.00 |
||
| 040 |
_aKO _beng |
||
| 041 | 0 | _aeng | |
| 044 | _aii | ||
| 082 | 0 | 4 |
_223 _a032 _bC 73848 |
| 245 | 1 | 0 |
_aCompetition Success review : _bObjective General Knowledge 2014 / |
| 260 |
_aNew Delhi : _bCompetition Review Pvt.Ltd. , _c2014 . |
||
| 300 |
_a512 p. : _c20 cm. |
||
| 650 | 0 |
_aCompetition _vHandbooks, manuals, etc |
|
| 904 | _aReshma_R | ||
| 942 | _cBK | ||